logo

Bir Sreshtho Munshi Abdur Rouf Library
Jhenaidah Cadet College

The Communist Manifesto / (Record no. 14373)

MARC details
000 -LEADER
fixed length control field 00661nam a22002537a 4500
001 - CONTROL NUMBER
JCCL Control Number 14373
003 - CONTROL NUMBER IDENTIFIER
JCCL marc code BD-JhCC
005 - DATE AND TIME OF LATEST TRANSACTION
control field 20250731100039.0
008 - FIXED-LENGTH DATA ELEMENTS--GENERAL INFORMATION
fixed length control field 250731b |||||||| |||| 00| 0 eng d
020 ## - INTERNATIONAL STANDARD BOOK NUMBER
International Standard Book Number 9780141397986
035 ## - SYSTEM CONTROL NUMBER
system control number (BD-JhCC) 14373
040 ## - CATALOGING SOURCE
Original cataloging agency BD-JhCC
Modifying agency BD-JhCC
041 ## - LANGUAGE CODE
Language code of Book eng
082 ## - DEWEY DECIMAL CLASSIFICATION NUMBER
DDC Edition number 23
Classification number 335.42
Author mark and Year MAR
100 ## - MAIN ENTRY--PERSONAL NAME
Personal name Marx, Karl
245 ## - TITLE STATEMENT
Title The Communist Manifesto /
Statement of responsibility, etc Karl Marx & Friedrich Engels
260 ## - PUBLICATION, DISTRIBUTION, ETC. (IMPRINT)
Place of publication, distribution, etc India:
Name of publisher, distributor, etc Penguin Classics,
Date of publication, distribution, etc 2015
300 ## - PHYSICAL DESCRIPTION
Pagination 52 p.;
Dimensions 16 cm.
490 ## - SERIES STATEMENT
Series statement Penguin Little Black Classics,
Volume number/sequential designation 20
650 ## - SUBJECT ADDED ENTRY--TOPICAL TERM
Topical term or geographic name as entry element Communism
650 ## - SUBJECT ADDED ENTRY--TOPICAL TERM
Topical term or geographic name as entry element Socialism
700 ## - ADDED ENTRY--PERSONAL NAME
Personal name Engels,Friedrich
942 ## - ADDED ENTRY ELEMENTS (KOHA)
Source of classification or shelving scheme Dewey Decimal Classification
Koha item type Books
Holdings
Source of classification or shelving scheme Damaged status Not for loan Collection code Home library Current library Shelving location Date of accession Total Checkouts Full call number Barcode Date last seen Copy number Koha item type
Dewey Decimal Classification     Non-fiction JCC Rouf Library JCC Rouf Library General Stacks     335.42 MAR 20123 07/31/2025 C-1 Books

JCC Library | Contacts | JCC Home

Last Update on 23 September 2017
Copyright @ 2017-2020 JCC Rouf Library
Rouf Library, Jhenidah Cadet College (JCC), Bangladesh